Ex bolsones: el "espaldarazo" de los presidentes
Gorde:
| Formatua: | Texto |
|---|---|
| Gaiak: | |
| Etiketak: |
Etiketa erantsi
Etiketarik gabe, Izan zaitez lehena erregistro honi etiketa jartzen!
|
MARC
| LEADER | 00000 a a2200000 04500 | ||
|---|---|---|---|
| 001 | 6287 | ||
| 003 | |||
| 040 | |||
| 245 | |a Ex bolsones: |b el "espaldarazo" de los presidentes | ||
| 650 | |a DERECHOS CIVILES | ||
| 650 | |a GOBIERNO | ||
| 650 | |a FRONTERAS | ||
| 650 | |a COMERCIO | ||
| 650 | |a ACUERDOS INTERNACIONALES | ||
| 650 | |a POLITICA MIGRATORIA | ||
| 773 | |g volumen 20, número 868; páginas 11-12 | ||
| 999 | |c 39307 |d 39307 | ||
